00626cam a22002052 4500001001100000005001700011008004100028020001700069040001500086100003100101245009100132250001300223260003400236300001700270650003400287650003100321700003500352700003000387852000300417000002023020151217155228.0110905s xx 000 0 eng d a0070172603 : aKABUcKABU1 aSeeley, Rod R.@000018031310aEssentials of anatomy and physiology /cRod R. Seeley, Trent D. Stephens, Philip Tate. a4th ed. aBoston :bMcGraw Hill,c2002. axix, 644 p. 0aHuman physiology.@0000155597 0aHuman anatomy.@00001555981 aStephens, Trent D.@00001803141 aTate, Philip.@00001803151